000 00223nam a22000857a 4500
008 170131b xxu||||| |||| 00| 0 eng d
100 _92696
_aTwain. M
245 _aThe Prince And The Paper
260 _aEngland
_bLongman Press
_c1957
999 _c5857
_d5857